01291nam a2200157 a 4500008004100000020001500041041000800056100001800064245008900082250001100171260003400182300001100216500012500227505077000352655001101122161215t1995 ag |||g |||| 001 p spa d a8448704029 aspa1 aNeruda, Pablo 3a20 poemas de amor y una canción desesperada.bCien sonetos de amor /cPablo Neruda a1a ed. aBuenos Aires:bLosada;c1995. a230 p. aNeruda, P. (1995). 20 poemas de amor y una canción desesperada. Cien sonetos de amor. (1a ed.). Buenos Aires : Losada. aPablo Neruda -nacido en Parral, Chile, en 1904, galardonado en 1971 con el Premio Nobel de Literatura y muerto en Santiago en 1973- es uno de los mayores poetas del idioma. Algunas de sus obras quizás hayan ejercido una influencia más duradera en la transformación del lenguaje poético -Residencia en la tierra, por ejemplo-, otras tal vez despierten sensaciones más diversas y ricas -como el Canto del General o el Memorial de la Isla Negra-, otras es probable que se presten mejor a la polémica -sus Odas elementales o sus encendidos poemas políticos-, pero de ellas la que ha logrado la mayor aceptación popular y el calor emocional más profundo son esos 20 poemas de amor y una canción desesperada, que se publicaron por primera vez en 1924. aPoesia